Statistics for Countries Closest to South Africa

Click here to take the quiz!

General Stats

  • This quiz has been taken 990 times
    (868 since last reset)
  • The average score is 20 of 22

Answer Stats

kmcountrymiles% Correct
0Lesotho0
98%
0Namibia0
97%
0Zimbabwe0
97%
965Dem Rep Congo600
96%
0Eswatini0
96%
0Mozambique0
96%
0Botswana0
95%
1170Madagascar727
95%
517Zambia322
95%
750Angola466
94%
1263Tanzania785
93%
2148Kenya1335
92%
2147Rwanda1334
88%
2282Congo1418
87%
1966Burundi1221
86%
1724Comoros1071
86%
707Malawi440
86%
2298Uganda1428
86%
2504Gabon1556
81%
2637Mauritius1639
81%
2560Somalia1590
78%
2148Seychelles1334
77%

Score Distribution

Percentile by Number Answered

Percent of People with Each Score

Your Score History

You have not taken this quiz since the last reset